|
|
|
|
| LEADER |
00000nam0a2200000 4500 |
| 001 |
371789 |
| 005 |
20240620161920.0 |
| 035 |
|
|
|a (RuTPU)RU\TPU\retro\29199
|
| 090 |
|
|
|a 371789
|
| 100 |
|
|
|a 20221114d1978 m y0rusy50 ca
|
| 101 |
0 |
|
|a rus
|
| 102 |
|
|
|a RU
|
| 105 |
|
|
|a c z 001zd
|
| 200 |
1 |
|
|a Статьи и очерки
|f Г. Б. Бернандт
|
| 210 |
|
|
|a Москва
|c Советский композитор
|d 1978
|
| 215 |
|
|
|a 405 с.
|c портр.
|
| 320 |
|
|
|a Список работ Г. Б. Бернандта: с. 384-390
|
| 320 |
|
|
|a Указатель имен: с. 391-404
|
| 600 |
|
1 |
|a Одоевский
|b В. Ф.
|c русский князь
|c писатель
|c музыкальный критик
|f 1803/1804-1869
|g Владимир Федорович
|2 stltpush
|3 (RuTPU)RU\TPU\pers\8102
|9 1576
|
| 600 |
|
1 |
|a Боткин
|b В. П.
|c русский писатель, критик
|f 1811-1869
|g Василий Петрович
|2 stltpush
|3 (RuTPU)RU\TPU\pers\9624
|9 1913
|
| 600 |
|
1 |
|a Станкевич
|b Н. В.
|c русский поэт
|c философ
|f 1813-1840
|g Николай Владимирович
|c общественный деятель
|2 stltpush
|3 (RuTPU)RU\TPU\pers\11938
|
| 600 |
|
1 |
|a Герцен
|g Александр Иванович
|f 1812-1870
|c российский революционер
|c писатель
|c философ
|b А. И.
|2 stltpush
|3 (RuTPU)RU\TPU\pers\286
|
| 600 |
|
1 |
|a Струйский
|b Д. Ю.
|c поэт, переводчик, музыкальный критик, композитор
|c псевдоним Трилунный
|f 1806-1856
|g Дмитрий Юрьевич
|2 stltpush
|3 (RuTPU)RU\TPU\pers\47449
|9 22965
|
| 600 |
|
1 |
|a Резвой (Резвый)
|b М. Д.
|c инженер, общественный деятель, знаток словесности, музыковед и художник
|c член-корреспондент Санкт-Петербургской академии наук
|f 1807-1853
|g Модест Дмитриевич
|2 stltpush
|3 (RuTPU)RU\TPU\pers\47450
|9 22966
|
| 600 |
|
1 |
|a Серебрянский (Сребрянский)
|b А. П.
|c поэт, философ, критик
|c друг и наставник Алексея Кольцова
|f 1809-1838
|g Андрей Порфирьевич
|2 stltpush
|3 (RuTPU)RU\TPU\pers\47451
|9 22967
|
| 600 |
|
1 |
|a Мельгунов
|b Н. А.
|c писатель, публицист, переводчик и музыкальный критик
|f 1804-1867
|g Николай Александрович
|2 stltpush
|3 (RuTPU)RU\TPU\pers\47452
|9 22968
|
| 600 |
|
1 |
|a Неверов
|b Я. М.
|c педагог, писатель, мемуарист
|f 1810-1893
|g Януарий Михайлович
|2 stltpush
|3 (RuTPU)RU\TPU\pers\47453
|9 22969
|
| 606 |
1 |
|
|a Музыка
|2 stltpush
|3 (RuTPU)RU\TPU\subj\73462
|9 86458
|
| 610 |
1 |
|
|a писатели
|
| 610 |
1 |
|
|a музыкальные взгляды
|
| 610 |
1 |
|
|a музыкально-литературная деятельность
|
| 610 |
1 |
|
|a 19 век
|
| 610 |
1 |
|
|a Россия
|
| 610 |
1 |
|
|a статьи
|
| 610 |
1 |
|
|a очерки
|
| 675 |
|
|
|a 78
|v 4
|
| 700 |
|
1 |
|a Бернандт
|b Г. Б.
|g Григорий Борисович
|
| 801 |
|
1 |
|a RU
|b 63413507
|c 20221114
|
| 801 |
|
2 |
|a RU
|b 63413507
|c 20230117
|g RCR
|
| 942 |
|
|
|c BK
|